000
00468nam a2200181Ia 4500
008
090124s9999 xx 000 0 und d
082
_b
121813
100
_a
आठल्ये अनिल.
245
_a
यशश्री
250
_a
1
260
_c
1986
300
_a
182
600
_a
आठल्ये अनिल.
630
_a
यशश्री
700
_a
आठल्ये अनिल.
730
_a
यशश्री
942
_c
BOOK
999
_c
167899
_d
167899